000
00209 a2200097 4500
001
58357
100
_a
245
_a
Zooq dasht nawrdhi
260
_a
Lahore
_b
Sang-e-Meel Publication
_c
090
_c
35846
_d
35846
942
_a
NUST-CAE
_c
_c
28720
999
_c
293430
_d
293430